Nghệ thuật cắm hoa = Tân phân hoa nghệ

Zapisane w:
Opis bibliograficzny
1. autor: Hồ Trường Long
Format: Książka
Język:Undetermined
Wydane: Mỹ Thuật 2002
Hasła przedmiotowe:
Etykiety: Dodaj etykietę
Nie ma etykietki, Dołącz pierwszą etykiete!
Thư viện lưu trữ: Trung tâm Học liệu Trường Đại học Cần Thơ
LEADER 00583nam a2200181Ia 4500
001 CTU_54748
008 210402s9999 xx 000 0 und d
020 |b 24000 
082 |a 745.92 
082 |b L431 
100 |a Hồ Trường Long 
245 0 |a Nghệ thuật cắm hoa 
245 0 |b = Tân phân hoa nghệ 
245 0 |c Hồ Trường Long, Đới Giai Lâm và Hàn Vĩ; Nguyễn Kim Dân biên dịch 
260 |b Mỹ Thuật 
260 |c 2002 
650 |a flower arrangement 
980 |a Trung tâm Học liệu Trường Đại học Cần Thơ